| 000 | 00631nam a2200241Ia 4500 | ||
|---|---|---|---|
| 003 | OSt | ||
| 005 | 20221005115221.0 | ||
| 006 | a|||||r|||| 00| 0 | ||
| 007 | ta | ||
| 008 | 221004b |||||||| |||| 00| 0 eng d | ||
| 024 | _a62041 | ||
| 037 | _cTextual | ||
| 040 |
_aCRL _cCRL _beng |
||
| 041 |
_2eng _aeng |
||
| 082 | _aV2:8:L8, E1.11 | ||
| 110 |
_aNational Archives of India. _9102982 |
||
| 245 | 0 | _aCalender of persian correspondence 1794-95 | |
| 260 | _c1911 | ||
| 650 | _aHISTORY | ||
| 700 |
_aNational Archives of India. _9102983 |
||
| 942 |
_hV2:8:L8, E1.11 _cTEXL _2cc |
||
| 999 |
_c1033820 _d1033820 |
||